| 000 -LEADER |
| fixed length control field |
00665nam a22001937a 4500 |
| 082 ## - DEWEY DECIMAL CLASSIFICATION NUMBER |
| Classification number |
M08 |
| Item number |
MOY/M.2 |
| 100 ## - MAIN ENTRY--AUTHOR NAME |
| Personal name |
Moyinkutty Vaidyar |
| 100 ## - MAIN ENTRY--AUTHOR NAME |
| Personal name |
Muhammed Abdul Kareem K K |
| 100 ## - MAIN ENTRY--AUTHOR NAME |
| Personal name |
Aboobacker K |
| 245 ## - TITLE STATEMENT |
| Title |
Mahakavi Moyinkutty vaidyarude sampoorna krithikal (v.2)/ |
| Statement of responsibility, etc |
by Moyinkutty Vaidyar |
| 250 ## - EDITION STATEMENT |
| Edition statement |
2nd. |
| 260 ## - PUBLICATION, DISTRIBUTION, ETC. (IMPRINT) |
| Place of publication |
Malappuram: |
| Name of publisher |
Mahakavi Moyinkutty Vaidyar Mappila Kala Academy, Department of Cultural Affairs, Govt. of Kerala, |
| Year of publication |
2015. |
| 300 ## - PHYSICAL DESCRIPTION |
| Number of Pages |
787p.-1523p. |
| 650 ## - SUBJECT ADDED ENTRY--TOPICAL TERM |
| Topical Term |
Collection Literature Malayalam |
| 650 ## - SUBJECT ADDED ENTRY--TOPICAL TERM |
| Topical Term |
Collection Literature Moyinkutty Vaidyar |
| 650 ## - SUBJECT ADDED ENTRY--TOPICAL TERM |
| Topical Term |
Literature Malayalam |
| 650 ## - SUBJECT ADDED ENTRY--TOPICAL TERM |
| Topical Term |
Literature |
| 942 ## - ADDED ENTRY ELEMENTS (KOHA) |
| Koha item type |
Book |